Statistics for 5 Countries Click Quiz #6

Click here to take the quiz!

General Stats

  • This quiz has been taken 58 times
  • The average score is 9 of 15

Answer Stats

HintAnswer% Correct
Capital is Port Moresby?Papua New Guinea
85%
Capital is Freetown?Sierra Leone
85%
Capital is Baku?Azerbaijan
83%
Capital is Saint George's?Grenada
83%
Has the most languages(839)?Papua New Guinea
68%
Capital is Bangui?Central African Republic
65%
Hungriest country and second poorest?Central African Republic
60%
Has the world's third largest rain forest?Papua New Guinea
58%
Means "Island of Spice"?Grenada
55%
Capital is 28 meters below sea level?Azerbaijan
45%
Has second largest rain forest in the world?Central African Republic
43%
Highest malaria death rate in the world?Sierra Leone
43%
Has an underwater sculpture park?Grenada
40%
Has the most mud volcanoes?Azerbaijan
35%
Has third largest natural harbor?Sierra Leone
15%

Score Distribution

Percentile by Number Answered

Percent of People with Each Score

Your Score History

You have not taken this quiz